书目信息 |
| 题名: |
葫芦丝·巴乌曲精选
|
|
| 作者: | 潘学伟 , 林声 , 齐声海 主编 | |
| 分册: | ||
| 出版信息: | 香港 国际教科文出版社 2005.04 |
|
| 页数: | 227页 | |
| 开本: | 26cm | |
| 丛书名: | ||
| 单 册: | ||
| 中图分类: | J6 | |
| 科图分类: | ||
| 主题词: | 音乐 | |
| 电子资源: | ||
| ISBN: | 962-86503-4-3 | |
| 000 | 00706nam0 2200229 450 | |
| 001 | 1162400589 | |
| 005 | 20111226172407.50 | |
| 010 | @a962-86503-4-3@dCNY26.00 | |
| 100 | @a20111226d2005 km y0chiy0120 ea | |
| 101 | 0 | @achi |
| 102 | @aCN | |
| 105 | @aa z 000yy | |
| 200 | 1 | @a葫芦丝·巴乌曲精选@Ahu lu si·ba wu qu jing xuan@f潘学伟,林声,齐声海主编@Fpan xue wei,lin sheng,qi sheng hai zhu bian |
| 210 | @a香港@c国际教科文出版社@d2005.04 | |
| 215 | @a227页@c图@d26cm | |
| 606 | 0 | @a音乐 |
| 690 | @aJ6@v4 | |
| 701 | 0 | @a潘学伟@Apan xue wei@4主编 |
| 701 | 0 | @a林声@Alin sheng@4主编 |
| 701 | 0 | @a齐声海@Aqi sheng hai@4主编 |
| 801 | 0 | @aCN@bZZRC@c20111226 |
| 905 | @a郑州市财税学校图书馆@dJ6@eP250@f3 | |
| 葫芦丝·巴乌曲精选/潘学伟,林声,齐声海主编.-香港:国际教科文出版社,2005.04 |
| 227页:图;26cm |
| ISBN 962-86503-4-3:CNY26.00 |
| ● |
| 相关链接 |
|
|
|
正题名:葫芦丝·巴乌曲精选
索取号:J6/P250
 
预约/预借
| 序号 | 登录号 | 条形码 | 馆藏地/架位号 | 状态 | 备注 |
| 1 | 1181047 | 211810478 | 社科库309/309社科库 90排3列5层/ [索取号:J6/P250] | 在馆 | |
| 2 | 1181048 | 211810487 | 社科库309/309社科库 90排3列5层/ [索取号:J6/P250] | 在馆 | |
| 3 | 1181049 | 211810496 | 社科库309/309社科库 90排3列5层/ [索取号:J6/P250] | 在馆 |